[Event "Sunnyvale Silicon Valley Fall op"]
[Site "Sunnyvale"]
[Date "2023.09.02"]
[Round "4"]
[White "Cordova, Emilio"]
[Black "Stearman, Josiah P"]
[Result "1-0"]
[WhiteElo "2549"]
[BlackElo "2468"]
[PlyCount "45"]
[EventDate "2023.08.31"]
[EventType "swiss"]
[EventRounds "9"]
[EventCountry "USA"]
[SourceTitle "EXT 2024"]
[Source "ChessBase"]
[SourceDate "2023.10.10"]
[SourceVersion "1"]
[SourceVersionDate "2023.10.10"]
[SourceQuality "1"]

1. Nf3 c5 2. c4 Nf6 3. Nc3 Nc6 4. d4 cxd4 5. Nxd4 e6 6. Bf4 Bb4 7. Ndb5 Ne4 8. Qd3 Nxc3 9. bxc3 0-0 10. cxb4 Qf6 11. Rb1 Qxf4 12. g3 Qf6 13. Nd6 a6 14. Bg2 b5 15. 0-0 Ra7 16. Rfd1 Bb7 17. Qe3 Rfa8 18. Qb6 Qd8 19. Qxd8+ Nxd8 20. Nxb7 Nxb7 21. Rxd7 Nd8 22. Rxa7 Rxa7 23. Rd1 1-0

[Event "Titled Tuesday intern op 29th Aug Late"]
[Site "Chess.com INT"]
[Date "2023.08.29"]
[Round "5"]
[White "Cordova, Emilio"]
[Black "Golubev, Mikhail"]
[Result "0-1"]
[WhiteElo "2538"]
[BlackElo "2461"]
[PlyCount "52"]
[EventDate "2023.08.29"]
[EventType "swiss (blitz)"]
[EventRounds "11"]
[EventCountry "USA"]
[SourceTitle "EXT 2024"]
[Source "ChessBase"]
[SourceDate "2023.10.10"]
[SourceVersion "1"]
[SourceVersionDate "2023.10.10"]
[SourceQuality "1"]

1. e4 c5 2. Nc3 d6 3. f4 Nc6 4. Nf3 g6 5. Bb5 Bd7 6. 0-0 Bg7 7. d3 a6 8. Bxc6 Bxc6 9. f5 gxf5 10. exf5 Nf6 11. Ng5 Rg8 12. Qe2 Qd7 13. Nce4 Nxe4 14. dxe4 Bf6 15. Nxh7 0-0-0 16. Nxf6 exf6 17. Rf4 Rde8 18. c4 Re7 19. b3 Qe8 20. Bb2 Bxe4 21. Rg4 Rxg4 22. Qxg4 Bc6 23. Kf2 Re4 24. Qf3 Rxc4 25. Re1 Rc2+ 26. Re2 Bxf3 0-1

[Event "Titled Tuesday intern op 29th Aug Late"]
[Site "Chess.com INT"]
[Date "2023.08.29"]
[Round "3"]
[White "Cordova, Emilio"]
[Black "Urbina Perez, Juan Antonio"]
[Result "1-0"]
[WhiteElo "2538"]
[BlackElo "2266"]
[PlyCount "63"]
[EventDate "2023.08.29"]
[EventType "swiss (blitz)"]
[EventRounds "11"]
[EventCountry "USA"]
[SourceTitle "EXT 2024"]
[Source "ChessBase"]
[SourceDate "2023.10.10"]
[SourceVersion "1"]
[SourceVersionDate "2023.10.10"]
[SourceQuality "1"]

1. e4 e6 2. Nc3 d5 3. Nf3 Nf6 4. e5 Nfd7 5. Ne2 c5 6. Ng3 Nc6 7. Bb5 Qc7 8. Qe2 Be7 9. 0-0 0-0 10. Re1 a6 11. Bxc6 Qxc6 12. d3 b5 13. Qe3 d4 14. Qf4 Bb7 15. Qg4 Rfe8 16. Bh6 g6 17. h4 f5 18. Qf4 Bf8 19. h5 Re7 20. Nh4 Bxh6 21. Qxh6 Nf8 22. f3 Rg7 23. Qg5 h6 24. Qxh6 g5 25. Ng6 Nxg6 26. hxg6 g4 27. Nh5 gxf3 28. Nf6+ Kf8 29. Qh8+ Ke7 30. Qxg7+ Kd8 31. gxf3 Qxf3 32. Qd7# 1-0

[Event "Speed Chess Q2 Sw"]
[Site "Chess.com INT"]
[Date "2023.08.23"]
[Round "9"]
[White "Cordova, Emilio"]
[Black "Svane, Rasmus"]
[Result "1-0"]
[WhiteElo "2538"]
[BlackElo "2631"]
[PlyCount "36"]
[EventDate "2023.08.23"]
[EventType "swiss (blitz)"]
[EventRounds "14"]
[EventCountry "USA"]
[SourceTitle "CBM 215 Extra"]
[Source "ChessBase"]
[SourceDate "2023.09.30"]
[SourceVersion "1"]
[SourceVersionDate "2023.09.30"]
[SourceQuality "1"]

1. Nf3 d5 2. g3 Nf6 3. Bg2 e6 4. 0-0 Be7 5. d4 0-0 6. c4 dxc4 7. Na3 Bxa3 8. bxa3 Bd7 9. Ne5 Bc6 10. Nxc6 Nxc6 11. Bb2 Qd7 12. Qc2 b5 13. Rad1 a6 14. d5 exd5 15. Bxf6 gxf6 16. Rxd5 Qg4 17. Be4 Qg7 18. Rh5 b4 1-0

[Event "Titled Tuesday intern op 22nd Aug Early"]
[Site "Chess.com INT"]
[Date "2023.08.22"]
[Round "4"]
[White "Cordova, Emilio"]
[Black "Bortnyk, Olexandr"]
[Result "0-1"]
[WhiteElo "2538"]
[BlackElo "2608"]
[PlyCount "80"]
[EventDate "2023.08.22"]
[EventType "swiss (blitz)"]
[EventRounds "11"]
[EventCountry "USA"]
[SourceTitle "EXT 2024"]
[Source "ChessBase"]
[SourceDate "2023.10.10"]
[SourceVersion "1"]
[SourceVersionDate "2023.10.10"]
[SourceQuality "1"]

1. Nf3 Nf6 2. e3 b6 3. c4 Bb7 4. Nc3 g6 5. d4 Bg7 6. Be2 0-0 7. 0-0 e6 8. b3 d5 9. Bb2 Re8 10. Rc1 c6 11. Ne5 Nbd7 12. f4 Qe7 13. Bd3 a6 14. Qe2 c5 15. Rfe1 dxc4 16. bxc4 cxd4 17. exd4 Rac8 18. Nd1 Red8 19. Nf2 Qb4 20. a3 Qa4 21. Nh3 Bh6 22. Nxf7 Kxf7 23. Ng5+ Kg7 24. Nxe6+ Kg8 25. d5 Re8 26. f5 Bxc1 27. Rxc1 Bxd5 28. cxd5 Rxc1+ 29. Bxc1 Nxd5 30. fxg6 hxg6 31. Bxg6 Re7 32. Bg5 N7f6 33. Bf5 Qxa3 34. h4 Qc5+ 35. Kh1 Nf4 36. Qa2 Qxf5 37. Nxf4+ Kh7 38. Qxa6 Re1+ 39. Kh2 Ng4+ 40. Kg3 Re3# 0-1

[Event "Titled Tuesday intern op 22nd Aug Early"]
[Site "Chess.com INT"]
[Date "2023.08.22"]
[Round "8"]
[White "Cordova, Emilio"]
[Black "Terry, Renato"]
[Result "0-1"]
[WhiteElo "2538"]
[BlackElo "2520"]
[PlyCount "232"]
[EventDate "2023.08.22"]
[EventType "swiss (blitz)"]
[EventRounds "11"]
[EventCountry "USA"]
[SourceTitle "EXT 2024"]
[Source "ChessBase"]
[SourceDate "2023.10.10"]
[SourceVersion "1"]
[SourceVersionDate "2023.10.10"]
[SourceQuality "1"]

1. Nf3 d5 2. e3 Nf6 3. c4 e6 4. b3 g6 5. Bb2 Bg7 6. cxd5 exd5 7. Be2 0-0 8. 0-0 a5 9. Nc3 Re8 10. Rc1 c6 11. a3 Qd6 12. d3 Nbd7 13. Re1 h6 14. Bf1 b5 15. Ne2 c5 16. Nc3 Ba6 17. a4 b4 18. Nb5 Bxb5 19. axb5 Rec8 20. d4 Ne4 21. dxc5 Ndxc5 22. Bxg7 Kxg7 23. Nd4 Nc3 24. Qd2 N5e4 25. Qb2 Qf6 26. f3 Nd6 27. Qd2 Rc5 28. Bd3 Rac8 29. Rc2 Qe5 30. Rec1 Qf6 31. h3 h5 32. Ra1 Ra8 33. Rac1 Qe5 34. Qf2 Re8 35. Re1 Rec8 36. Ra1 Ra8 37. Re1 Re8 38. Nc6 Qf6 39. Nxa5 Ndxb5 40. e4 Nd4 41. Nb7 Nxc2 42. Nxc5 Nxe1 43. Qxe1 dxe4 44. Bxe4 Qd4+ 45. Qf2 Qxf2+ 46. Kxf2 f5 47. Bd3 Nd1+ 48. Kg3 Nc3 49. Na6 Nd5 50. Bc4 f4+ 51. Kh2 Re5 52. Bxd5 Rxd5 53. Nxb4 Rd2 54. h4 Kf6 55. Kh3 Kf5 56. Nc6 Rd1 57. Kh2 Ke6 58. b4 Rb1 59. b5 Kd6 60. Nd4 Kd5 61. Nc6 Ke6 62. Nd4+ Kf6 63. Ne2 Ke5 64. Nc3 Rb3 65. Ne4 Rxb5 66. Ng5 Rb7 67. Ne4 Rd7 68. Ng5 Kf5 69. Ne4 Re7 70. Ng5 Re8 71. Nh3 Rd8 72. Ng5 Rd5 73. Nh3 Ra5 74. Ng5 Ra4 75. Nh3 Rb4 76. Ng5 Ke5 77. Nf7+ Ke6 78. Ng5+ Kd5 79. Nh3 Ke5 80. Kg1 Rb2 81. Kh2 Ra2 82. Kg1 Rc2 83. Kh2 Rc4 84. Kg1 Kd5 85. Kh2 Kc5 86. Ng5 Kd5 87. Nh3 Rd4 88. Kg1 Kc4 89. Kf2 Kc3 90. Ng5 Rd2+ 91. Kg1 Kd3 92. Ne6 Ke3 93. Nf8 Rd6 94. Nh7 Rd1+ 95. Kh2 Kf2 96. Ng5 Kf1 97. Nh3 Rd4 98. Kh1 Rc4 99. Kh2 Rb4 100. Kh1 Ke2 101. Kh2 Ke3 102. Ng5 Rb5 103. Ne4 Re5 104. Ng5 Rxg5 105. hxg5 Kf2 106. Kh3 Ke2 107. Kh4 Ke3 108. Kh3 Kf2 109. Kh2 Ke2 110. Kh3 Ke3 111. Kh2 Kd4 112. Kh3 Ke5 113. g4 fxg3 114. Kxg3 Kf5 115. f4 Ke4 116. Kh3 Kxf4 0-1

[Event "Titled Tuesday intern op 22nd Aug Early"]
[Site "Chess.com INT"]
[Date "2023.08.22"]
[Round "11"]
[White "Cordova, Emilio"]
[Black "Wagner, Dennis"]
[Result "1/2-1/2"]
[WhiteElo "2538"]
[BlackElo "2589"]
[PlyCount "98"]
[EventDate "2023.08.22"]
[EventType "swiss (blitz)"]
[EventRounds "11"]
[EventCountry "USA"]
[SourceTitle "EXT 2024"]
[Source "ChessBase"]
[SourceDate "2023.10.10"]
[SourceVersion "1"]
[SourceVersionDate "2023.10.10"]
[SourceQuality "1"]

1. Nf3 Nf6 2. c4 c5 3. g3 b6 4. Bg2 Bb7 5. 0-0 e6 6. Nc3 Be7 7. d4 cxd4 8. Qxd4 0-0 9. Bg5 h6 10. Bxf6 Bxf6 11. Qf4 Bxc3 12. bxc3 Na6 13. Rfd1 Nc5 14. Nd4 Bxg2 15. Kxg2 Qe7 16. Nb5 f5 17. f3 g5 18. Qd6 Qxd6 19. Nxd6 Kg7 20. Rd4 Kf6 21. Rad1 Rh8 22. e4 e5 23. Rd5 f4 24. Nf5 h5 25. Rd6+ Kf7 26. R1d5 Rae8 27. a4 g4 28. a5 gxf3+ 29. Kxf3 fxg3 30. hxg3 Ne6 31. axb6 axb6 32. Rxd7+ Kg6 33. R5d6 Kg5 34. Rxb6 Rhf8 35. Ke3 Kg4 36. Rdd6 Ng5 37. Rg6 Rc8 38. Rb7 Rxc4 39. Rbg7 Rxe4+ 40. Kd3 Rxf5 41. Rxg5+ Rxg5 42. Rxg5+ Kxg5 43. Kxe4 Kg4 44. c4 Kxg3 45. c5 h4 46. c6 h3 47. c7 h2 48. c8Q h1Q+ 49. Kxe5 Qe1+ 1/2-1/2

[Event "Titled Tuesday intern op 22nd Aug Early"]
[Site "Chess.com INT"]
[Date "2023.08.22"]
[Round "7"]
[White "Tabatabaei, Mohammad Amin"]
[Black "Cordova, Emilio"]
[Result "0-1"]
[WhiteElo "2696"]
[BlackElo "2538"]
[PlyCount "226"]
[EventDate "2023.08.22"]
[EventType "swiss (blitz)"]
[EventRounds "11"]
[EventCountry "USA"]
[SourceTitle "EXT 2024"]
[Source "ChessBase"]
[SourceDate "2023.10.10"]
[SourceVersion "1"]
[SourceVersionDate "2023.10.10"]
[SourceQuality "1"]

1. e4 c5 2. Nf3 Nc6 3. c3 e6 4. d4 d5 5. e5 Nge7 6. Na3 Nf5 7. Nc2 cxd4 8. cxd4 f6 9. Bd3 Be7 10. 0-0 0-0 11. Re1 fxe5 12. Nxe5 Nxe5 13. Rxe5 Bd6 14. Re1 Qh4 15. h3 Nxd4 16. Bxh7+ Kxh7 17. Qxd4 Qxd4 18. Nxd4 e5 19. Nb5 Bb8 20. b3 Bd7 21. Nc3 Bc6 22. Ba3 Rf5 23. Rad1 e4 24. Bc5 Be5 25. Bd4 Bd6 26. Rc1 a6 27. Rc2 Raf8 28. a4 R8f7 29. Nd1 Rg5 30. Ne3 Rg6 31. Rd1 Bf4 32. Bc5 Rg5 33. Bd4 Bb8 34. Ra1 Bd7 35. Kf1 Bg3 36. b4 Bh4 37. Ke1 Bc6 38. Rb2 Rh5 39. Raa2 Bd8 40. b5 Ba5+ 41. Kf1 Bd7 42. Rb1 Rg5 43. Rc2 Rh5 44. Rbb2 Rg5 45. Rb1 Rh5 46. Rcb2 Rg5 47. Rd1 Rh5 48. Rc1 Rg5 49. Rcc2 Rh5 50. Rb1 Rg5 51. Rb3 Rh5 52. Kg1 Rg5 53. Kf1 Rh5 54. Rbb2 axb5 55. axb5 b6 56. Rb3 Rg5 57. Rb1 Rh5 58. Nd1 Bf5 59. Ne3 Bd7 60. Rcb2 Rg5 61. Rc1 Rh5 62. Rbb1 Rg5 63. Rb2 Rh5 64. Rcc2 Rg5 65. Rb3 Rh5 66. Rc1 Bd2 67. Rd1 Ba5 68. Kg1 Rg5 69. Kh1 Rh5 70. Kg1 Rg5 71. Kf1 Rh5 72. Rb2 Rg5 73. Rdb1 Rh5 74. Rc2 Rg5 75. Nd1 Rh5 76. Rb3 Rg5 77. Be3 Rgf5 78. Bd4 Rh5 79. Rc1 Rg5 80. Ne3 Rh5 81. Rcb1 Rg5 82. Nd1 Rh5 83. Rg3 Rhf5 84. Rb2 Be6 85. Ne3 R5f6 86. Rc2 Rh6 87. Rg5 Rd7 88. Rc6 Bg8 89. Rxg7+ Rxg7 90. Rxh6+ Kxh6 91. Nf5+ Kg6 92. Nxg7 Bf7 93. g4 Kh7 94. h4 Bb4 95. Nf5 Be8 96. Kg2 Bxb5 97. h5 Bd7 98. Ne3 Be6 99. Bxb6 Bc3 100. g5 d4 101. Nd1 Ba1 102. f3 Bb3 103. Nf2 e3 104. Ng4 e2 105. g6+ Kh8 106. Kf2 d3 107. Ba5 Bd4+ 108. Ke1 Bc4 109. h6 Be6 110. Bd2 Bxg4 111. fxg4 Kg8 112. g5 Be5 113. g7 Bg3# 0-1

[Event "Titled Tuesday intern op 25th Jul Early"]
[Site "Chess.com INT"]
[Date "2023.07.25"]
[Round "2"]
[White "Cordova, Emilio"]
[Black "Santos Flores, Alberto Javier"]
[Result "1-0"]
[WhiteElo "2542"]
[BlackElo "2164"]
[PlyCount "109"]
[EventDate "2023.07.25"]
[EventType "swiss (blitz)"]
[EventRounds "11"]
[EventCountry "USA"]
[SourceTitle "EXT 2024"]
[Source "ChessBase"]
[SourceDate "2023.10.10"]
[SourceVersion "1"]
[SourceVersionDate "2023.10.10"]
[SourceQuality "1"]

1. c4 c6 2. Nc3 d5 3. e3 Nf6 4. d4 a6 5. Nf3 Bf5 6. b3 h6 7. Bb2 e6 8. g3 Nbd7 9. Bg2 Bd6 10. 0-0 0-0 11. Qe2 Qe7 12. a3 b5 13. c5 Bc7 14. b4 Ne4 15. a4 Nxc3 16. Bxc3 Be4 17. axb5 axb5 18. Bh3 Bf5 19. Bg2 Be4 20. Qb2 Qf6 21. Ne5 Nxe5 22. dxe5 Qf5 23. f3 Bd3 24. Rfe1 Ra4 25. Qd2 Bc4 26. e4 dxe4 27. fxe4 Qh5 28. Qd7 Rxa1 29. Bxa1 Bxe5 30. Qxc6 Bxa1 31. Rxa1 Rd8 32. h4 Rd1+ 33. Rxd1 Qxd1+ 34. Kh2 Bf1 35. e5 Qd2 36. Qa8+ Kh7 37. Qe4+ g6 38. Qf3 Bxg2 39. Qxg2 Qxb4 40. Qc2 Qa5 41. c6 Qc7 42. Qc5 b4 43. Qd6 Qc8 44. Qd7 Qa6 45. Qxf7+ Kh8 46. Qf8+ Kh7 47. Qe7+ Kh8 48. Qf6+ Kh7 49. Qe7+ Kh8 50. Qd8+ Kh7 51. Qd7+ Kh8 52. Qe8+ Kh7 53. Qf7+ Kh8 54. c7 Qe2+ 55. Kh3 1-0